000
00277nam a2200097Ia 4500
082
_a
LP AF IDIN
245
0
_a
Gevind: 'n baba voor Kersfees
100
_a
IDING, Laura Parklands, 2009 Afrikaanse uitg
_9
93115
942
_c
BK
008
210817s9999 xx 000 0 und d
999
_c
380272
_d
380272